[Event "Kuala Lumpur op 5th"]
[Site "Kuala Lumpur"]
[Date "2008.08.23"]
[Round "10"]
[White "Bennett, Hilton Petrie"]
[Black "Balendran, S."]
[Result "0-1"]
[WhiteElo "2043"]
[BlackElo "1906"]
[PlyCount "126"]
[EventDate "2008.08.18"]
[EventType "swiss"]
[EventRounds "11"]
[EventCountry "MAS"]
[SourceTitle "CBM 126 Extra"]
[Source "ChessBase"]
[SourceDate "2008.11.05"]
[SourceVersion "1"]
[SourceVersionDate "2008.11.05"]
[SourceQuality "1"]

1. e4 c5 2. Nc3 g6 3. f4 Bg7 4. Nf3 Nc6 5. Bb5 Nd4 6. Bd3 d6 7. Nxd4 cxd4 8. Ne2 e5 9. 0-0 exf4 10. Nxf4 Nf6 11. Bc4 d3 12. Nxd3 0-0 13. Nf2 Qb6 14. d4 Re8 15. c3 h5 16. h3 Bd7 17. Qc2 Rac8 18. Bd3 Bb5 19. Bxb5 Qxb5 20. Be3 Nd5 21. Bd2 Nb6 22. Qb3 Qd7 23. Rae1 Nc4 24. Bc1 b5 25. Nd3 Qb7 26. Nf2 Bf6 27. Re2 Bh4 28. a4 a6 29. axb5 axb5 30. Kh2 Bxf2 31. Rexf2 Rc7 32. e5 dxe5 33. dxe5 Rce7 34. Bf4 Qb6 35. Re2 Qb7 36. Rfe1 Qc6 37. Qd1 Rd7 38. Qc2 Qe6 39. Bg5 Nb6 40. Qe4 Rd5 41. Bf6 Nd7 42. Qf4 Kh7 43. Kh1 Nc5 44. Re3 Nd3 45. Rxd3 Rxd3 46. Qg5 Qd5 47. Kh2 Rd2 48. Re3 Rxb2 49. Rg3 Rb1 50. Qe3 Qd1 51. Rg5 Qh1+ 52. Kg3 Qe1+ 53. Qxe1 Rxe1 54. Kf2 Rc1 55. Rg3 Rc8 56. Rd3 Rc2+ 57. Kf1 R2xc3 58. Rd7 Kg8 59. e6 Rc1+ 60. Kf2 fxe6 61. Rg7+ Kf8 62. Rb7 Rb1 63. Kf3 Rf1+ 0-1

[Event "Kuala Lumpur op 5th"]
[Site "Kuala Lumpur"]
[Date "2008.08.18"]
[Round "1"]
[White "Balendran, S."]
[Black "Garma, Chito"]
[Result "0-1"]
[WhiteElo "1906"]
[BlackElo "2346"]
[PlyCount "44"]
[EventDate "2008.08.18"]
[EventType "swiss"]
[EventRounds "11"]
[EventCountry "MAS"]
[SourceTitle "CBM 126 Extra"]
[Source "ChessBase"]
[SourceDate "2008.11.05"]
[SourceVersion "1"]
[SourceVersionDate "2008.11.05"]
[SourceQuality "1"]

1. d4 d5 2. Bf4 c5 3. e3 Nc6 4. Nf3 Bg4 5. c3 Nf6 6. h3 Bh5 7. Nbd2 e6 8. Bb5 cxd4 9. cxd4 Bxf3 10. Bxc6+ bxc6 11. Nxf3 Bb4+ 12. Ke2 0-0 13. a3 Bd6 14. Ne5 Rc8 15. Qa4 c5 16. dxc5 Rxc5 17. b4 Ne4 18. Qb3 Rc3 19. Qb2 Qc7 20. Rhc1 Bxe5 21. Bxe5 Qxe5 22. f3 Rxe3+ 0-1

[Event "Kuala Lumpur op 4th"]
[Site "Kuala Lumpur"]
[Date "2007.08.25"]
[Round "10"]
[White "Brockman, Roland"]
[Black "Balendran, S."]
[Result "1-0"]
[WhiteElo "1797"]
[BlackElo "1951"]
[PlyCount "63"]
[EventDate "2007.08.20"]
[EventType "swiss"]
[EventRounds "11"]
[EventCountry "MAS"]
[SourceTitle "CBM 120 Extra"]
[Source "ChessBase"]
[SourceDate "2007.11.01"]
[SourceVersion "1"]
[SourceVersionDate "2007.11.01"]
[SourceQuality "1"]

1. d4 Nf6 2. Bg5 e6 3. e4 Be7 4. e5 Nd5 5. Bxe7 Qxe7 6. c4 Nb6 7. Nf3 d6 8. Bd3 Nc6 9. 0-0 dxe5 10. dxe5 Nd7 11. Re1 Nc5 12. Bf1 a5 13. a3 b6 14. Nc3 Bb7 15. Qc2 h5 16. Rad1 g5 17. Nd5 exd5 18. cxd5 0-0-0 19. dxc6 Bxc6 20. Rxd8+ Rxd8 21. b4 Bxf3 22. bxc5 Bd5 23. cxb6 Kb8 24. bxc7+ Qxc7 25. Rb1+ Bb7 26. Qf5 Ka7 27. Qxg5 Re8 28. Qe3+ Ka8 29. f4 h4 30. Qb6 Qxb6+ 31. Rxb6 Rc8 32. Rb5 1-0

[Event "Kuala Lumpur op 4th"]
[Site "Kuala Lumpur"]
[Date "2007.08.24"]
[Round "8"]
[White "Jones, Brian"]
[Black "Balendran, S."]
[Result "1-0"]
[WhiteElo "2084"]
[BlackElo "1951"]
[PlyCount "111"]
[EventDate "2007.08.20"]
[EventType "swiss"]
[EventRounds "11"]
[EventCountry "MAS"]
[SourceTitle "CBM 120 Extra"]
[Source "ChessBase"]
[SourceDate "2007.11.01"]
[SourceVersion "1"]
[SourceVersionDate "2007.11.01"]
[SourceQuality "1"]

1. d4 Nf6 2. c4 g6 3. Nc3 Bg7 4. e4 d6 5. Be2 Na6 6. Bg5 h6 7. Be3 c6 8. f4 Qa5 9. Bd2 Qb6 10. e5 Nd7 11. Nf3 dxe5 12. c5 Qc7 13. fxe5 b6 14. e6 fxe6 15. Qc2 Nf8 16. Bd3 Nb4 17. Bxg6+ Kd8 18. Qb1 Ba6 19. a3 Nd5 20. Bd3 Bxd3 21. Qxd3 Nf4 22. Qe4 Nd5 23. 0-0 Kc8 24. Kh1 Kb7 25. b4 Rd8 26. b5 Qd7 27. cxb6 axb6 28. Ne5 Bxe5 29. Qxe5 Ng6 30. Qe4 Rdg8 31. Rab1 Qd6 32. a4 Nf6 33. bxc6+ Qxc6 34. Qxc6+ Kxc6 35. Rb4 Nd5 36. Nxd5 Kxd5 37. Rxb6 Rf8 38. Kg1 Rxf1+ 39. Kxf1 Rf8+ 40. Ke2 Nf4+ 41. Bxf4 Rxf4 42. Rb5+ Kc4 43. Re5 Rf6 44. Ke3 Kb4 45. a5 Rf1 46. Ke4 Re1+ 47. Kf4 Rf1+ 48. Kg3 Rd1 49. Rxe6 Kxa5 50. Rxh6 Rxd4 51. Re6 Rd7 52. h4 Kb5 53. Kf4 Kc5 54. g4 Kd5 55. Kf5 Rd6 56. Rxd6+ 1-0

[Event "Kuala Lumpur op 4th"]
[Site "Kuala Lumpur"]
[Date "2007.08.20"]
[Round "1"]
[White "Mas, Hafizulhelmi"]
[Black "Balendran, S."]
[Result "1-0"]
[WhiteElo "2372"]
[BlackElo "1951"]
[PlyCount "87"]
[EventDate "2007.08.20"]
[EventType "swiss"]
[EventRounds "11"]
[EventCountry "MAS"]
[SourceTitle "CBM 120 Extra"]
[Source "ChessBase"]
[SourceDate "2007.11.01"]
[SourceVersion "1"]
[SourceVersionDate "2007.11.01"]
[SourceQuality "1"]

1. g3 c5 2. Bg2 g6 3. e4 Nc6 4. Ne2 Bg7 5. 0-0 d6 6. c3 e5 7. d3 Bg4 8. h3 Be6 9. c4 Qd7 10. Kh2 Nge7 11. Nbc3 0-0 12. a3 d5 13. Nxd5 Bxd5 14. cxd5 Nd4 15. Nxd4 cxd4 16. h4 f5 17. Bh3 Qe8 18. f4 Rf7 19. fxe5 Bxe5 20. Bg5 Qf8 21. Qd2 Kh8 22. Rac1 Rc8 23. Rxc8 Nxc8 24. Bh6 Qd8 25. Kg2 Ne7 26. Bg5 Qf8 27. Qa5 fxe4 28. Rxf7 Qxf7 29. Qd8+ Ng8 30. dxe4 Kg7 31. Be6 Qf8 32. Qxf8+ Kxf8 33. Bxg8 Kxg8 34. Bf4 d3 35. Kf3 Bxb2 36. Bd6 d2 37. Ke2 Bc1 38. a4 Kf7 39. Bf4 Bb2 40. Kxd2 Bd4 41. Kd3 Bf2 42. e5 Bc5 43. e6+ Ke7 44. Ke4 1-0